|
|
|
|
| LEADER |
00621nab a2200169 i 4500 |
| 001 |
misc3744 |
| 005 |
20191106143150.0 |
| 008 |
170607s1925 hu o 0|| hun d |
| 040 |
|
|
|a SZTE Miscellanea Repozitórium
|b hun
|
| 041 |
|
|
|a hun
|
| 100 |
1 |
|
|a Blau György
|
| 245 |
1 |
0 |
|a Gazdasági lehetetlenülés az áru átadása után ?
|h [elektronikus dokumentum] /
|c Blau György
|
| 260 |
|
|
|c 1925
|
| 300 |
|
|
|a 25a
|
| 490 |
0 |
|
|a Polgári jog : a hazai és külföldi magánjog és hiteljog szemléje
|v 1
|
| 695 |
|
|
|a Kötelmi jog lehetetlenülés
|
| 856 |
4 |
0 |
|u http://misc.bibl.u-szeged.hu/3744/1/polgari_jog_1925_025a.pdf
|z Dokumentum-elérés
|